| 000 | 00584cam a22002171 4500 | ||
|---|---|---|---|
| 001 | sa 66002240 | ||
| 003 | DLC | ||
| 005 | 20260227112228.0 | ||
| 008 | 890816s1965 ii 000 0 gujo | ||
| 010 | _asa 66002240 | ||
| 035 | _a(OCoLC)20185474 | ||
| 040 |
_aDLC _cWaU _dDLC |
||
| 050 | 0 | 0 |
_aDS479.1.L27 _bP3 |
| 100 | 1 | _aPatel, I. J. | |
| 245 | 1 | 0 | _aPañjābakesarī Lālā Lajapatarāya. |
| 260 | _c[1965] | ||
| 300 |
_a12, 147 p. _c19 cm. |
||
| 500 | _aIn Gujarati. | ||
| 600 | 2 | 0 |
_aLajpat Rai, _cLala, _d1865-1928. |
| 710 | 2 | _aLālā Lajapatarāya Śatābdī Samiti (Gujarat) | |
| 999 |
_c68243 _d68243 |
||